Project management and project network techniques. -- 7th ed. (Record no. 55044)

MARC details
000 -LEADER
fixed length control field 00823nam a2200217 a 4500
008 - FIXED-LENGTH DATA ELEMENTS--GENERAL INFORMATION
fixed length control field 101115s2005 ||||||||||||||||| || u
020 ## - INTERNATIONAL STANDARD BOOK NUMBER
International Standard Book Number 0273693786
050 ## - LIBRARY OF CONGRESS CALL NUMBER
Classification number TS 158 Loc
100 ## - MAIN ENTRY--PERSONAL NAME
Personal name Lockyer, Keith
245 10 - TITLE STATEMENT
Title Project management and project network techniques. -- 7th ed.
Statement of responsibility, etc. Keith Lockyer, James Gordon
250 ## - EDITION STATEMENT
Edition statement 7th ed.
260 ## - PUBLICATION, DISTRIBUTION, ETC.
Place of publication, distribution, etc. Harlow, Essex:
Name of publisher, distributor, etc. Pearson
Date of publication, distribution, etc. 2005
300 ## - PHYSICAL DESCRIPTION
Extent xii, 257p.: ill
350 ## - PRICE (NR) (BK AM CF MU VM SE) [OBSOLETE]
Price 0.00
500 ## - GENERAL NOTE
General note 7th ed. of Critical path analysis and other project network techniques.
650 ## - SUBJECT ADDED ENTRY--TOPICAL TERM
Topical term or geographic name entry element PRODUCTION
650 #0 - SUBJECT ADDED ENTRY--TOPICAL TERM
Topical term or geographic name entry element PROJECT MANAGEMENT
650 ## - SUBJECT ADDED ENTRY--TOPICAL TERM
Topical term or geographic name entry element CRITICAL PATH ANALYSIS
700 ## - ADDED ENTRY--PERSONAL NAME
Personal name Gordon, James, 1927-
995 ## - RECOMMENDATION 995 [LOCAL, UNIMARC FRANCE]
-- 0.00
-- CBU-MAIN LIBRARY (Kitwe)
-- 1
-- 0.00
-- 1
-- AVAILABLE
-- Dec 7, 2010
-- Main Library Open Access Collection
Holdings
Withdrawn status Lost status Source of classification or shelving scheme Damaged status Not for loan Home library Current library Shelving location Date acquired Total Checkouts Full call number Barcode Date last seen Price effective from Koha item type
          CBU-MAIN LIBRARY, KITWE. CBU-MAIN LIBRARY, KITWE.   11/30/2022   TS 158 Loc 742289 11/30/2022 11/30/2022 MONOGRAPH